[Event "POL-chT 2nd League"]
[Site "Jastrzebia Gora"]
[Date "2022.09.07"]
[Round "5.133"]
[White "Madej, Jaroslaw"]
[Black "Jakubowski, Jaroslaw"]
[Result "1/2-1/2"]
[WhiteElo "2029"]
[BlackElo "2103"]
[PlyCount "97"]
[EventDate "2022.09.03"]
[EventType "team-swiss"]
[EventRounds "9"]
[EventCountry "POL"]
[SourceTitle "CBM 210 Extra"]
[Source "ChessBase"]
[SourceDate "2022.11.30"]
[SourceVersion "1"]
[SourceVersionDate "2022.11.30"]
[SourceQuality "1"]
[WhiteTeam "Krakow Cracovia"]
[BlackTeam "Bydgoszcz Chemik"]
[WhiteTeamCountry "POL"]
[BlackTeamCountry "POL"]

1. d4 Nf6 2. Nf3 c5 3. c3 e6 4. Bf4 d5 5. e3 Nc6 6. Nbd2 Be7 7. Ne5 0-0 8. Bd3 Qb6 9. Rb1 Nxe5 10. dxe5 Ne8 11. h4 f5 12. Nf3 Bd7 13. g4 Nc7 14. Rg1 Be8 15. gxf5 exf5 16. Qc2 Bd7 17. Rd1 Kh8 18. Rg3 Qe6 19. Kd2 b5 20. Rdg1 Ne8 21. h5 a5 22. Bg5 b4 23. c4 Bxg5 24. Rxg5 dxc4 25. Bxc4 Qc6 26. Nh4 Be6 27. Kc1 Bxc4 28. Qxc4 Qe4 29. Qxe4 fxe4 30. R1g2 Ra6 31. R5g4 Rh6 32. Rxe4 Rxh5 33. Rg3 Rxf2 34. Rf3 Rxf3 35. Nxf3 Nc7 36. e6 Rf5 37. e7 Ne8 38. Ne5 Kg8 39. Nc4 g5 40. Nxa5 h5 41. Kd2 Kg7 42. Nc6 Kf6 43. Ke2 g4 44. Rf4 Kg5 45. Nd8 Rxf4 46. Ne6+ Kf5 47. Nxf4 h4 48. Nd3 c4 49. Nxb4 1/2-1/2

[Event "POL-chT 2nd League"]
[Site "Jastrzebia Gora"]
[Date "2022.09.05"]
[Round "3.132"]
[White "Jakubowski, Jaroslaw"]
[Black "Osinski, Emil"]
[Result "0-1"]
[WhiteElo "2103"]
[BlackElo "2164"]
[PlyCount "98"]
[EventDate "2022.09.03"]
[EventType "team-swiss"]
[EventRounds "9"]
[EventCountry "POL"]
[SourceTitle "CBM 210 Extra"]
[Source "ChessBase"]
[SourceDate "2022.11.30"]
[SourceVersion "1"]
[SourceVersionDate "2022.11.30"]
[SourceQuality "1"]
[WhiteTeam "Bydgoszcz Chemik"]
[BlackTeam "Wroclaw Hetman"]
[WhiteTeamCountry "POL"]
[BlackTeamCountry "POL"]

1. e4 c5 2. Nf3 Nc6 3. d4 cxd4 4. Nxd4 g6 5. Be2 Bg7 6. Nb3 Nf6 7. Nc3 0-0 8. 0-0 b6 9. f4 d6 10. Bf3 Bb7 11. Be3 Nd7 12. Qd2 a5 13. a3 a4 14. Nd4 Na5 15. Be2 Nc5 16. f5 Nxe4 17. Nxe4 Bxe4 18. fxg6 hxg6 19. Bh6 Qc8 20. Bxg7 Kxg7 21. Rf4 d5 22. Rh4 Rh8 23. Rxh8 Kxh8 24. Qf4 Qc5 25. c3 Nb3 26. Rd1 Kg8 27. Kh1 Nxd4 28. Rxd4 Kg7 29. h4 f6 30. Qg3 e5 31. Rb4 Bc2 32. Rb5 Qc6 33. Qf2 Rb8 34. Kg1 Bb3 35. Rb4 Bc4 36. h5 b5 37. hxg6 Qb6 38. Qxb6 Rxb6 39. Bd1 Ra6 40. Bc2 e4 41. Kf2 f5 42. Bd1 f4 43. Be2 Ra5 44. Bg4 Kxg6 45. Be2 Kf6 46. Bg4 Ke5 47. g3 e3+ 48. Kg2 fxg3 49. Kxg3 Ra7 0-1

[Event "POL-chT 2nd League"]
[Site "Jastrzebia Gora"]
[Date "2022.09.04"]
[Round "2.121"]
[White "Jakubowski, Jaroslaw"]
[Black "Cichy, Kamil"]
[Result "0-1"]
[WhiteElo "2103"]
[BlackElo "2195"]
[PlyCount "82"]
[EventDate "2022.09.03"]
[EventType "team-swiss"]
[EventRounds "9"]
[EventCountry "POL"]
[SourceTitle "CBM 210 Extra"]
[Source "ChessBase"]
[SourceDate "2022.11.30"]
[SourceVersion "1"]
[SourceVersionDate "2022.11.30"]
[SourceQuality "1"]
[WhiteTeam "Bydgoszcz Chemik"]
[BlackTeam "Marklowice Hetman"]
[WhiteTeamCountry "POL"]
[BlackTeamCountry "POL"]

1. e4 c5 2. Nf3 d6 3. d4 cxd4 4. Nxd4 Nf6 5. Nc3 Nc6 6. f4 e5 7. Nf3 Bg4 8. h3 Bxf3 9. Qxf3 Nd4 10. Qd1 Qb6 11. Bd3 Be7 12. Ne2 Nd7 13. Nxd4 Bh4+ 14. Ke2 exd4 15. Kf3 0-0 16. g3 Bf6 17. h4 Rfe8 18. g4 Qc6 19. g5 Bd8 20. Re1 f5 21. gxf6 Bxf6 22. Qe2 d5 23. e5 a6 24. Bd2 Nc5 25. Kg3 Bd8 26. Qf3 Nxd3 27. Qxd3 Qh6 28. Rh1 Rc8 29. Rac1 Rc6 30. h5 Qe6 31. Qxd4 Rc4 32. Qd3 Bb6 33. c3 Rf8 34. Rce1 Rf5 35. Rh4 Bd8 36. Rhh1 Bb6 37. b3 Rg5+ 38. fxg5 Qg4+ 39. Kh2 Qh4+ 40. Kg2 Qf2+ 41. Kh3 Rh4# 0-1

[Event "POL-chT 2nd League"]
[Site "Lublin"]
[Date "2006.09.07"]
[Round "6.69"]
[White "Jakubowski, Jaroslaw"]
[Black "Budrewicz, Krzysztof"]
[Result "0-1"]
[WhiteElo "2147"]
[BlackElo "2142"]
[PlyCount "92"]
[EventDate "2006.09.02"]
[EventType "team-swiss"]
[EventRounds "9"]
[EventCountry "POL"]
[SourceTitle "EXT 2019"]
[Source "ChessBase"]
[SourceDate "2018.10.10"]
[SourceVersion "1"]
[SourceVersionDate "2018.10.10"]
[SourceQuality "1"]
[WhiteTeam "Bydgoszcz Chemik"]
[BlackTeam "Olsztyn AZS UWM"]
[WhiteTeamCountry "POL"]
[BlackTeamCountry "POL"]

1. e4 d5 2. exd5 Nf6 3. d4 Nxd5 4. Nf3 g6 5. c4 Nb6 6. Nc3 Bg7 7. c5 Nd5 8. Qb3 c6 9. Bc4 0-0 10. 0-0 Nxc3 11. bxc3 b5 12. cxb6 axb6 13. Ng5 e6 14. Be3 Ba6 15. Bxa6 Nxa6 16. Nf3 b5 17. c4 bxc4 18. Qxc4 Qd5 19. Rac1 Rfc8 20. h3 Qd6 21. Rb1 Nc7 22. Rfc1 Nd5 23. Rc2 h6 24. Rb3 g5 25. Bd2 Qc7 26. Qe2 Ra4 27. Ne5 Bxe5 28. dxe5 c5 29. Rg3 Ne7 30. Qb5 Re4 31. Rgc3 c4 32. Re3 Rd4 33. Re1 Rd5 34. Qa4 Nf5 35. Bc3 Nh4 36. Qa6 Ng6 37. g3 h5 38. Re4 Rc5 39. Bd4 Rc6 40. Qa7 Qd8 41. Qa4 Qd5 42. Rce2 c3 43. Qc2 Rc4 44. Bb6 Rxe4 45. Rxe4 Nxe5 46. Be3 Rb8 0-1

[Event "POL-chT 2nd League"]
[Site "Lublin"]
[Date "2006.09.02"]
[Round "1.3"]
[White "Lubczynski, Rafal"]
[Black "Jakubowski, Jaroslaw"]
[Result "1-0"]
[WhiteElo "2361"]
[BlackElo "2147"]
[PlyCount "93"]
[EventDate "2006.09.02"]
[EventType "team-swiss"]
[EventRounds "9"]
[EventCountry "POL"]
[SourceTitle "EXT 2019"]
[Source "ChessBase"]
[SourceDate "2018.10.10"]
[SourceVersion "1"]
[SourceVersionDate "2018.10.10"]
[SourceQuality "1"]
[WhiteTeam "Wroclaw Polonia"]
[BlackTeam "Bydgoszcz Chemik"]
[WhiteTeamCountry "POL"]
[BlackTeamCountry "POL"]

1. Nf3 Nf6 2. g3 d5 3. Bg2 e6 4. 0-0 Be7 5. c4 0-0 6. d4 dxc4 7. Qa4 a6 8. Qxc4 b5 9. Qc2 Bb7 10. Bg5 Be4 11. Qc1 Nbd7 12. Nbd2 Bd5 13. Qc2 c5 14. Bxf6 gxf6 15. e4 Bb7 16. d5 Ne5 17. Rad1 Qb6 18. Qc3 Nxf3+ 19. Qxf3 Rad8 20. Qh5 Rfe8 21. Rfe1 Bf8 22. Nf1 Qc7 23. Ne3 Qe5 24. Ng4 Qxh5 25. Nxf6+ Kh8 26. Nxh5 Bg7 27. Nxg7 Kxg7 28. d6 Bc8 29. e5 Bd7 30. Re4 f5 31. exf6+ Kxf6 32. Rf4+ Kg7 33. Rg4+ Kh8 34. Be4 Rg8 35. Rh4 Rg7 36. b3 Be8 37. Rh6 Bf7 38. Bb7 Bg6 39. Bxa6 b4 40. Bb5 Ra7 41. Rd2 Rb7 42. Ba4 Rb6 43. d7 e5 44. Rh4 e4 45. Rc2 Rd6 46. Rxc5 e3 47. fxe3 1-0

[Event "POL-chT 2nd League"]
[Site "Wysowa"]
[Date "2005.09.01"]
[Round "6.75"]
[White "Jakubowski, Jaroslaw"]
[Black "Szymanski, Andrzej"]
[Result "1/2-1/2"]
[WhiteElo "2000"]
[BlackElo "2217"]
[PlyCount "31"]
[EventDate "2005.08.27"]
[EventType "team-swiss"]
[EventRounds "9"]
[EventCountry "POL"]
[SourceTitle "EXT 2019"]
[Source "ChessBase"]
[SourceDate "2018.10.10"]
[SourceVersion "1"]
[SourceVersionDate "2018.10.10"]
[SourceQuality "1"]
[WhiteTeam "Bydgoszcz Chemik"]
[BlackTeam "Zielonka Zieloni"]
[WhiteTeamCountry "POL"]
[BlackTeamCountry "POL"]

1. e4 c5 2. Nf3 d6 3. d4 cxd4 4. Nxd4 Nf6 5. Nc3 a6 6. f4 Qc7 7. a4 g6 8. Bd3 Bg7 9. Nf3 Nbd7 10. 0-0 0-0 11. Kh1 b6 12. Qe1 Bb7 13. Qh4 e5 14. Bd2 Rae8 15. Rae1 Nc5 16. fxe5 1/2-1/2

[Event "POL-chT 2nd League"]
[Site "Wysowa"]
[Date "2005.08.28"]
[Round "2.81"]
[White "Jakubowski, Jaroslaw"]
[Black "Szczukiewicz, Andrzej"]
[Result "1-0"]
[WhiteElo "2000"]
[BlackElo "2111"]
[PlyCount "83"]
[EventDate "2005.08.27"]
[EventType "team-swiss"]
[EventRounds "9"]
[EventCountry "POL"]
[SourceTitle "EXT 2019"]
[Source "ChessBase"]
[SourceDate "2018.10.10"]
[SourceVersion "1"]
[SourceVersionDate "2018.10.10"]
[SourceQuality "1"]
[WhiteTeam "Bydgoszcz Chemik"]
[BlackTeam "Kielce Fart"]
[WhiteTeamCountry "POL"]
[BlackTeamCountry "POL"]

1. e4 c5 2. Nf3 Nc6 3. d4 cxd4 4. Nxd4 e5 5. Nb5 d6 6. N1c3 a6 7. Na3 b5 8. Nd5 Nce7 9. c4 Nxd5 10. exd5 bxc4 11. Nxc4 f5 12. Bd2 a5 13. Qa4+ Bd7 14. Qa3 Qb8 15. Bxa5 Nf6 16. Nb6 Ra7 17. Nxd7 Nxd7 18. b4 Be7 19. Qc3 0-0 20. Rc1 Bg5 21. Rc2 Nf6 22. h4 Bh6 23. Be2 e4 24. 0-0 e3 25. Bf3 Qe8 26. Bb6 Re7 27. Re2 Ne4 28. Bxe4 Rxe4 29. f3 Rxh4 30. Bxe3 Qh5 31. Kf2 Rh2 32. Bxh6 Qh4+ 33. Ke3 Qxh6+ 34. Kd3 f4 35. Qd4 Qg5 36. Rff2 Rf5 37. Kc4 h6 38. a4 Qh4 39. Re8+ Kh7 40. Qe4 Qf6 41. Re2 Qa1 42. Rf8 1-0

[Event "POL-chT 2nd League"]
[Site "Wysowa"]
[Date "2005.08.27"]
[Round "1.15"]
[White "Mucha, Marcin"]
[Black "Jakubowski, Jaroslaw"]
[Result "1/2-1/2"]
[WhiteElo "2064"]
[BlackElo "2000"]
[PlyCount "27"]
[EventDate "2005.08.27"]
[EventType "team-swiss"]
[EventRounds "9"]
[EventCountry "POL"]
[SourceTitle "EXT 2019"]
[Source "ChessBase"]
[SourceDate "2018.10.10"]
[SourceVersion "1"]
[SourceVersionDate "2018.10.10"]
[SourceQuality "1"]
[WhiteTeam "Wroclaw AZS Politechnika"]
[BlackTeam "Bydgoszcz Chemik"]
[WhiteTeamCountry "POL"]
[BlackTeamCountry "POL"]

1. d4 d5 2. c4 e6 3. Nc3 Be7 4. Nf3 Nf6 5. Bg5 h6 6. Bh4 0-0 7. e3 b6 8. Bxf6 Bxf6 9. cxd5 exd5 10. Bd3 Bb7 11. 0-0 c6 12. b4 Be7 13. Qb3 Qd6 14. Rab1 1/2-1/2

[Event "Perla Baltyku op 1st"]
[Site "Mielno"]
[Date "2005.06.18"]
[Round "9"]
[White "Jakubowski, Jaroslaw"]
[Black "Ferenc, Jozef"]
[Result "0-1"]
[WhiteElo "2208"]
[BlackElo "2161"]
[PlyCount "112"]
[EventDate "2005.06.10"]
[EventType "swiss"]
[EventRounds "10"]
[EventCountry "POL"]
[SourceTitle "EXT 2006"]
[Source "ChessBase"]
[SourceDate "2005.11.24"]
[SourceVersion "1"]
[SourceVersionDate "2005.11.24"]
[SourceQuality "1"]

1. e4 d6 2. d4 Nf6 3. f3 g6 4. Be3 Bg7 5. Qd2 c5 6. dxc5 dxc5 7. Qxd8+ Kxd8 8. Nc3 Nfd7 9. 0-0-0 Bxc3 10. bxc3 Kc7 11. h4 h5 12. Nh3 Nc6 13. Ng5 Rf8 14. Be2 b6 15. Rd2 Nde5 16. Rhd1 f6 17. Nh3 Be6 18. a3 Rfd8 19. Nf4 Bf7 20. Rxd8 Rxd8 21. Rxd8 Kxd8 22. Kd1 Na5 23. Bc1 Kd7 24. Nd3 Nec4 25. f4 f5 26. exf5 gxf5 27. Bf3 Kd6 28. g3 Ke6 29. Ke2 Kf6 30. Kd1 Nd6 31. Nf2 Nb5 32. Ke1 Nc4 33. Nd3 Nbxa3 34. Ne5 Be8 35. Kd1 Ke6 36. Be2 Nxe5 37. fxe5 Nb5 38. Bxb5 Bxb5 39. Bg5 a5 40. Kc1 Kd7 41. Kb2 e6 42. Bf6 Bc4 43. Bg5 b5 44. Bf6 Kc6 45. Bd8 a4 46. Bg5 Kd5 47. Bf4 b4 48. Bd2 a3+ 49. Kc1 a2 50. Kb2 Kxe5 51. cxb4 cxb4 52. Bxb4 Ke4 53. Bc3 e5 54. Kc1 f4 55. gxf4 exf4 56. Kd2 Kf3 0-1

[Event "Perla Baltyku op 1st"]
[Site "Mielno"]
[Date "2005.06.17"]
[Round "8"]
[White "Gajdzica, Maciej"]
[Black "Jakubowski, Jaroslaw"]
[Result "0-1"]
[WhiteElo "2044"]
[BlackElo "2208"]
[PlyCount "52"]
[EventDate "2005.06.10"]
[EventType "swiss"]
[EventRounds "10"]
[EventCountry "POL"]
[SourceTitle "EXT 2006"]
[Source "ChessBase"]
[SourceDate "2005.11.24"]
[SourceVersion "1"]
[SourceVersionDate "2005.11.24"]
[SourceQuality "1"]

1. d4 d5 2. c4 e6 3. Nc3 Be7 4. Nf3 Nf6 5. Bg5 h6 6. Bh4 0-0 7. e3 b6 8. cxd5 Nxd5 9. Nxd5 exd5 10. Bxe7 Qxe7 11. Qb3 Be6 12. Rc1 c5 13. Qa3 Rc8 14. Bd3 Nd7 15. 0-0 Kf8 16. dxc5 bxc5 17. e4 d4 18. b3 a5 19. Qa4 Qd6 20. Rc2 Nb6 21. Qa3 a4 22. Qb2 axb3 23. axb3 Rcb8 24. Rfc1 Na4 25. Qb1 Rxb3 26. Qa1 Rxd3 0-1

[Event "Perla Baltyku op 1st"]
[Site "Mielno"]
[Date "2005.06.12"]
[Round "3"]
[White "Jakubowski, Jaroslaw"]
[Black "Gumula, Daniel"]
[Result "0-1"]
[WhiteElo "2208"]
[BlackElo "2291"]
[PlyCount "58"]
[EventDate "2005.06.10"]
[EventType "swiss"]
[EventRounds "10"]
[EventCountry "POL"]
[SourceTitle "EXT 2006"]
[Source "ChessBase"]
[SourceDate "2005.11.24"]
[SourceVersion "1"]
[SourceVersionDate "2005.11.24"]
[SourceQuality "1"]

1. e4 e6 2. d4 d5 3. Nd2 Nf6 4. e5 Nfd7 5. f4 c5 6. c3 Nc6 7. Ndf3 cxd4 8. cxd4 Bb4+ 9. Kf2 0-0 10. g3 f6 11. Kg2 a5 12. Bd3 f5 13. h3 a4 14. a3 Be7 15. g4 Ndb8 16. Ne2 Bd7 17. Nc3 Qa5 18. Bd2 Nd8 19. Rc1 g6 20. g5 Qb6 21. Rc2 Be8 22. Qe2 Nbc6 23. Nb5 Rf7 24. Rhc1 Bf8 25. Kg3 Na5 26. Rc8 Rxc8 27. Rxc8 Nb3 28. Bb4 Bd7 29. Ra8 Nc1 0-1

[Event "Perla Baltyku op 1st"]
[Site "Mielno"]
[Date "2005.06.10"]
[Round "1"]
[White "Jakubowski, Jaroslaw"]
[Black "Pinkas, Karol"]
[Result "1/2-1/2"]
[WhiteElo "2208"]
[BlackElo "2325"]
[PlyCount "82"]
[EventDate "2005.06.10"]
[EventType "swiss"]
[EventRounds "10"]
[EventCountry "POL"]
[SourceTitle "EXT 2006"]
[Source "ChessBase"]
[SourceDate "2005.11.24"]
[SourceVersion "1"]
[SourceVersionDate "2005.11.24"]
[SourceQuality "1"]

1. e4 e5 2. Nf3 Nc6 3. Bb5 f5 4. Nc3 Nf6 5. Qe2 Bc5 6. 0-0 Qe7 7. Nd5 Nxd5 8. exd5 Nd4 9. Nxd4 exd4 10. Re1 Qxe2 11. Rxe2+ Kf7 12. d3 Re8 13. Rxe8 Kxe8 14. Bf4 a6 15. Ba4 Bd6 16. Re1+ Kf7 17. Bd2 b5 18. Bb3 Bb7 19. a4 bxa4 20. Bxa4 Bxd5 21. Bxd7 g6 22. Ba4 Rb8 23. b3 c6 24. Bc1 Bb4 25. Re2 Bc3 26. Bf4 Re8 27. Rxe8 Kxe8 28. f3 Kd7 29. Kf2 h5 30. h4 Ke6 31. Ke2 Ba5 32. Bg3 Bd8 33. Bf2 Bf6 34. Kf1 f4 35. Ke2 Ke5 36. Be1 Kf5 37. Bf2 Bg7 38. Be1 Be5 39. Bf2 Ke6 40. Be1 Kf6 41. Bf2 Kf5 1/2-1/2

[Event "POL-chT 2nd League"]
[Site "Polanica Zdroj"]
[Date "2004.09.12"]
[Round "11.39"]
[White "Barwinski, Dionizy"]
[Black "Jakubowski, Jaroslaw"]
[Result "1/2-1/2"]
[WhiteElo "2218"]
[BlackElo "2198"]
[PlyCount "101"]
[EventDate "2004.09.04"]
[EventType "team-swiss"]
[EventRounds "11"]
[EventCountry "POL"]
[SourceTitle "EXT 2019"]
[Source "ChessBase"]
[SourceDate "2018.10.10"]
[SourceVersion "1"]
[SourceVersionDate "2018.10.10"]
[SourceQuality "1"]
[WhiteTeam "Pultusk Nadnarwianka"]
[BlackTeam "Bydgoszcz Chemik"]
[WhiteTeamCountry "POL"]
[BlackTeamCountry "POL"]

1. d4 d5 2. Nf3 Nf6 3. c4 e6 4. Bg5 Be7 5. e3 h6 6. Bh4 0-0 7. Nc3 b6 8. Rc1 Bb7 9. cxd5 Nxd5 10. Bxe7 Qxe7 11. Bd3 Rc8 12. 0-0 c5 13. Bb1 Nd7 14. Qd3 N7f6 15. Ne5 Nxc3 16. Rxc3 Be4 17. Qc4 Qb7 18. f3 Bxb1 19. Rxb1 cxd4 20. Qxd4 Rxc3 21. Qxc3 Rc8 22. Qd4 Qa6 23. a3 Qe2 24. Qd3 Qxd3 25. Nxd3 Kf8 26. Rc1 Rxc1+ 27. Nxc1 Ke7 28. Kf2 Kd6 29. Ke2 a5 30. Kd3 Nd5 31. Ne2 Kc5 32. e4 Ne7 33. b3 Nc6 34. f4 b5 35. g3 f6 36. g4 g5 37. h3 gxf4 38. Nxf4 Ne5+ 39. Ke3 Kd6 40. Nd3 Nc6 41. Nf4 Ne5 42. Ne2 Nd7 43. b4 axb4 44. axb4 Ne5 45. Nd4 Nc4+ 46. Kd3 Ne5+ 47. Kc3 Nc6 48. Nxb5+ Ke5 49. Nc7 f5 50. exf5 exf5 51. gxf5 1/2-1/2

[Event "POL-chT 2nd League"]
[Site "Polanica Zdroj"]
[Date "2004.09.06"]
[Round "4"]
[White "Jakubowski, Jaroslaw"]
[Black "Chrapkowski, Grzegorz"]
[Result "1/2-1/2"]
[WhiteElo "2198"]
[BlackElo "2225"]
[PlyCount "60"]
[EventDate "2004.09.04"]
[EventType "team-swiss"]
[EventRounds "11"]
[EventCountry "POL"]
[SourceTitle "CBM 102 Extra"]
[Source "ChessBase"]
[SourceDate "2004.11.03"]
[SourceVersion "1"]
[SourceVersionDate "2004.11.03"]
[SourceQuality "1"]
[WhiteTeam "Bydgoszcz Chemik"]
[BlackTeam "Solec Kujawski"]
[WhiteTeamCountry "POL"]
[BlackTeamCountry "POL"]

1. e4 c5 2. Nf3 Nc6 3. d4 cxd4 4. Nxd4 Nf6 5. Nc3 e5 6. Ndb5 h6 7. Nd6+ Bxd6 8. Qxd6 Qe7 9. Qd2 0-0 10. b3 Rd8 11. Nd5 Nxd5 12. exd5 Nd4 13. Bb2 Nf5 14. 0-0-0 d6 15. g3 Bd7 16. Bd3 Rf8 17. f4 f6 18. g4 Nh4 19. f5 Nf3 20. Qe3 Ng5 21. h4 Nh7 22. Qe4 Kf7 23. Kb1 Rfd8 24. a4 a6 25. Qb4 Be8 26. Bc1 Rdb8 27. Be3 a5 28. Qb6 Qd8 29. Qxd8 Rxd8 30. Kb2 Rdc8 1/2-1/2

[Event "POL-chT 2nd League"]
[Site "Polanica Zdroj"]
[Date "2004.09.05"]
[Round "2.22"]
[White "Fudalej, Grzegorz"]
[Black "Jakubowski, Jaroslaw"]
[Result "0-1"]
[WhiteElo "2152"]
[BlackElo "2198"]
[PlyCount "60"]
[EventDate "2004.09.04"]
[EventType "team-swiss"]
[EventRounds "11"]
[EventCountry "POL"]
[SourceTitle "EXT 2019"]
[Source "ChessBase"]
[SourceDate "2018.10.10"]
[SourceVersion "1"]
[SourceVersionDate "2018.10.10"]
[SourceQuality "1"]
[WhiteTeam "Gliwice Roszada"]
[BlackTeam "Bydgoszcz Chemik"]
[WhiteTeamCountry "POL"]
[BlackTeamCountry "POL"]

1. g3 g6 2. Bg2 Bg7 3. d3 c5 4. e4 Nc6 5. f4 d6 6. Nf3 Bg4 7. h3 Bxf3 8. Qxf3 e6 9. 0-0 Nge7 10. f5 Ne5 11. Qf4 N7c6 12. Be3 Qb6 13. Nd2 0-0-0 14. f6 Bf8 15. b3 h5 16. Nf3 Nd4 17. Bxd4 Nxf3+ 18. Qxf3 cxd4 19. e5 d5 20. Qe2 h4 21. gxh4 Rxh4 22. Qf2 Rh8 23. c4 dxc3 24. Qxb6 axb6 25. d4 Bh6 26. Rf3 Bd2 27. Rd3 Rh4 28. Rd1 c2 29. R3xd2 cxd1Q+ 30. Rxd1 Kd7 0-1

[Event "POL-chT 58th 1st League"]
[Site "Ustron"]
[Date "2002.??.??"]
[Round "?"]
[White "Halas, Przemyslaw"]
[Black "Jakubowski, Jaroslaw"]
[Result "1/2-1/2"]
[WhiteElo "2149"]
[BlackElo "2248"]
[PlyCount "112"]
[EventDate "2002.09.07"]
[EventType "team-tourn"]
[EventRounds "9"]
[EventCountry "POL"]
[SourceTitle "EXT 2019"]
[Source "ChessBase"]
[SourceDate "2018.10.10"]
[SourceVersion "1"]
[SourceVersionDate "2018.10.10"]
[SourceQuality "1"]
[WhiteTeam "Swiecie Gambit"]
[BlackTeam "Bydgoszcz Chemik"]
[WhiteTeamCountry "POL"]
[BlackTeamCountry "POL"]

1. d4 d5 2. c4 e6 3. Nf3 Nf6 4. g3 Be7 5. Bg2 0-0 6. 0-0 dxc4 7. Qa4 a6 8. Qxc4 b5 9. Qc2 Bb7 10. Bf4 Nc6 11. Rd1 Nb4 12. Qc1 Qc8 13. Nbd2 c5 14. dxc5 Bxc5 15. a3 Nbd5 16. b4 Nxf4 17. gxf4 Be7 18. Nb3 Bd5 19. Nbd4 Qb7 20. Qb2 Rac8 21. Rac1 Rfd8 22. Rxc8 Rxc8 23. Rc1 g6 24. Rxc8+ Qxc8 25. Qc2 Qxc2 26. Nxc2 Be4 27. Nfd4 Bxg2 28. Kxg2 Bd6 29. Kf3 Nd5 30. e3 Kf8 31. Ne2 f5 32. Ned4 Ke7 33. Ke2 Kf6 34. Nf3 h6 35. Kd3 g5 36. fxg5+ hxg5 37. h3 e5 38. Ng1 e4+ 39. Kd2 Nb6 40. Ne2 Nc4+ 41. Kc3 Ne5 42. Ne1 Nf3 43. Nxf3 exf3 44. Nd4 Bg3 45. Nxf3 Bxf2 46. Kd3 g4 47. hxg4 fxg4 48. Ke2 Bxe3 49. Kxe3 gxf3 50. Kxf3 Kf5 51. Ke3 Ke5 52. Kd3 Kd5 53. a4 bxa4 54. Kc3 Kc6 55. Kb2 Kb6 56. Ka2 a5 1/2-1/2

[Event "POL-chT 52nd"]
[Site "Augustow"]
[Date "1996.11.27"]
[Round "1"]
[White "Jaworski, Miroslaw"]
[Black "Jakubowski, Jaroslaw"]
[Result "1-0"]
[WhiteElo "2420"]
[BlackElo "2295"]
[PlyCount "60"]
[EventDate "1996.11.27"]
[EventType "team-tourn"]
[EventRounds "11"]
[EventCountry "POL"]
[SourceTitle "EXT 2019"]
[Source "ChessBase"]
[SourceDate "2018.10.10"]
[SourceVersion "1"]
[SourceVersionDate "2018.10.10"]
[SourceQuality "1"]
[WhiteTeam "Bielsko-Biala Wlokniarz"]
[BlackTeam "Bydgoszcz Chemik"]
[WhiteTeamCountry "POL"]
[BlackTeamCountry "POL"]

1. d4 d5 2. c4 e6 3. Nf3 Nf6 4. g3 Be7 5. Bg2 0-0 6. 0-0 dxc4 7. Ne5 Nc6 8. Bxc6 bxc6 9. Nxc6 Qe8 10. Nxe7+ Qxe7 11. Qa4 e5 12. dxe5 Qxe5 13. Qxc4 Bh3 14. Re1 Rad8 15. Nc3 Rd4 16. Qb5 Qe6 17. Be3 c6 18. Qb3 Rd7 19. Qxe6 Bxe6 20. Na4 Rd5 21. b3 Ra5 22. Rac1 Rc8 23. Rc5 Ra6 24. Rec1 Nd7 25. R5c3 f5 26. Bc5 Kf7 27. Rd1 Ra5 28. f3 h5 29. Rd6 Ra6 30. Re3 Nf8 1-0

[Event "POL-chT 50th"]
[Site "Lubniewice"]
[Date "1994.??.??"]
[Round "3"]
[White "Jakubowski, Jaroslaw"]
[Black "Gizynski, Tomasz"]
[Result "1/2-1/2"]
[WhiteElo "2265"]
[BlackElo "2360"]
[PlyCount "57"]
[EventDate "1994.09.22"]
[EventType "team-tourn"]
[EventRounds "11"]
[EventCountry "POL"]
[SourceTitle "EXT 2019"]
[Source "ChessBase"]
[SourceDate "2018.10.10"]
[SourceVersion "1"]
[SourceVersionDate "2018.10.10"]
[SourceQuality "1"]
[WhiteTeam "Bydgoszcz Chemik"]
[BlackTeam "Bielsko-Biala Wlokniarz"]
[WhiteTeamCountry "POL"]
[BlackTeamCountry "POL"]

1. e4 e6 2. Nf3 d5 3. Nc3 d4 4. Ne2 c5 5. c3 Nf6 6. e5 Nfd7 7. cxd4 cxd4 8. Nexd4 Nxe5 9. Bb5+ Nec6 10. 0-0 Be7 11. Nxc6 Nxc6 12. d4 0-0 13. Be3 Qd5 14. Qe2 b6 15. Rac1 Bb7 16. Qc4 Nb4 17. Qxd5 Nxd5 18. Ne5 Rfc8 19. Rxc8+ Rxc8 20. Rc1 Rxc1+ 21. Bxc1 Bd6 22. g3 f6 23. Nc4 Bc7 24. Ne3 Ne7 25. Bc4 Kf7 26. Bd2 Bd6 27. f4 Be4 28. a3 h6 29. Kf2 1/2-1/2

[Event "POL-chT 50th"]
[Site "Lubniewice"]
[Date "1994.??.??"]
[Round "7"]
[White "Zyla, Janusz"]
[Black "Jakubowski, Jaroslaw"]
[Result "1/2-1/2"]
[WhiteElo "2285"]
[BlackElo "2265"]
[PlyCount "94"]
[EventDate "1994.09.22"]
[EventType "team-tourn"]
[EventRounds "11"]
[EventCountry "POL"]
[SourceTitle "EXT 2019"]
[Source "ChessBase"]
[SourceDate "2018.10.10"]
[SourceVersion "1"]
[SourceVersionDate "2018.10.10"]
[SourceQuality "1"]
[WhiteTeam "Glogow MOK Chrobry"]
[BlackTeam "Bydgoszcz Chemik"]
[WhiteTeamCountry "POL"]
[BlackTeamCountry "POL"]

1. d4 d5 2. Nf3 Nf6 3. c4 e6 4. Nc3 Be7 5. Bg5 h6 6. Bxf6 Bxf6 7. e3 0-0 8. Qb3 c6 9. Rd1 Nd7 10. Bd3 b6 11. 0-0 Bb7 12. cxd5 exd5 13. Rd2 Rc8 14. Rc1 Be7 15. Qd1 Bd6 16. Bf5 Qe7 17. g3 Rcd8 18. Bh3 Nf6 19. Nh4 g6 20. Qa4 Ba8 21. a3 Rfe8 22. b4 a5 23. bxa5 Bxg3 24. Rb1 b5 25. Qb3 Bd6 26. Rc2 Bb7 27. Bg2 Kg7 28. Nf3 Ra8 29. Ra2 Ra6 30. Nd2 Rea8 31. e4 dxe4 32. Ncxe4 Nxe4 33. Nxe4 Bc8 34. Nxd6 Qxd6 35. d5 cxd5 36. Bxd5 R8a7 37. Qc3+ Kh7 38. Rxb5 Rc7 39. Qb2 Bh3 40. Ra1 Rd7 41. Bf3 Qd3 42. Be2 Qe4 43. Bf1 Bxf1 44. Rxf1 Qd4 45. Rb1 Qxb2 46. R1xb2 Rd1+ 47. Kg2 Ra1 1/2-1/2